[Event "US Chess League 2011 Playoff"]
[Site "ICC INT"]
[Date "2011.11.14"]
[Round "2"]
[White "Williams,Justus D"]
[Black "Black,James A"]
[Result "1-0"]
[WhiteElo "2186"]
[BlackElo "2132"]

1.Nf3 d5 2.c4 c6 3.g3 Nf6 4.Bg2 Bg4 5.Ne5 Bf5 6.cxd5 cxd5 7.Qb3 Qc7 8.Nc3 e6
9.d3 Nc6 10.Nxc6 bxc6 11.O-O Be7 12.Bf4 Qb6 13.Qc2 O-O 14.Na4 Qb5 15.Rfc1 Rac8
16.e4 Bg6 17.Be3 Nd7 18.Nc3 Qb7 19.Qb3 Qa6 20.Qa4 Qxa4 21.Nxa4 Bf6 22.f4 Rfe8
23.Rab1 Bd8 24.Bf2 Bb6 25.Rc3 Bxf2+ 26.Kxf2 Nb8 27.Nc5 Rcd8 28.e5 f6 29.Re1 f5
30.Rec1 Re7 31.Ra3 Be8 32.Rcc3 h6 33.Rcb3 Rc8 34.Rb7 Rxb7 35.Nxb7 Rc7 36.Nc5 Kf7
37.Rb3 Nd7 38.Na6 Rc8 39.Rb7 Ra8 40.b4 Ke7 41.Nc7 Rb8 42.Rxa7 Rxb4 43.a4 Bf7
44.a5 Ra4 45.Na8 Ra2+ 46.Kg1 Be8 47.Nb6 Ra3 48.Nc8+ Kd8 49.Ra8 Bh5 50.Nd6+ Ke7
51.Bf3 Bg6 52.Rg8 Nf8 53.Rxg7+ Kd8 54.h4 h5 55.Be2 Ra1+ 56.Kf2 Ra2 57.d4 Ra3
58.a6 Ra2 59.a7 Ra3 60.Rb7 Nd7 61.Rb8+  1-0

[Event "Martin Open"]
[Site "Martin SVK"]
[Date "2011.11.17"]
[Round "3"]
[White "Danada,T"]
[Black "Milcova,Z"]
[Result "1/2-1/2"]
[WhiteElo "2062"]
[BlackElo "1940"]

1.Nf3 d5 2.c4 c6 3.e3 Nf6 4.Nc3 Bg4 5.Qb3 Qb6 6.cxd5 Qxb3 7.axb3 Bxf3 8.gxf3 Nxd5
9.Nxd5 cxd5 10.d4 e6 11.Bd2 Nc6 12.Bb5 Kd7 13.Ke2 Bd6 14.f4 Rhc8 15.Rhg1 g6
16.Bd3 a6 17.Rgc1 Rc7 18.Rc2 Rac8 19.Rac1 h5 20.h3 Be7 21.Bc3  1/2-1/2

[Event "5th Mediterranean Open"]
[Site "Rijeka CRO"]
[Date "2011.11.17"]
[Round "7.18"]
[White "Ostovic,M"]
[Black "Klasan,E"]
[Result "1-0"]
[WhiteElo "2302"]
[BlackElo "1980"]

1.Nf3 d5 2.c4 Nf6 3.g3 g6 4.cxd5 Nxd5 5.d4 Bg7 6.e4 Nb6 7.Be3 Bg4 8.Nbd2 e6
9.h3 Bxf3 10.Nxf3 Qe7 11.Bb5+ c6 12.Be2 Qb4+ 13.Qd2 Qxd2+ 14.Kxd2 N8d7 15.a4 Nf6
16.a5 Nbd7 17.Bd3 a6 18.Ra3 O-O-O 19.Rc1 Kb8 20.Rb3 Ka8 21.Ke2 h6 22.Bf4 Ne8
23.d5 c5 24.dxe6 fxe6 25.e5 g5 26.Be4 Rb8 27.Rd1 c4 28.Rxb7 Nc5 29.Rb6+ Nxe4
30.Rxa6+ Kb7 31.Rb6+ Kc7 32.Be3 Rxb6 33.Bxb6+ Kc8 34.Ke3 N4f6 35.exf6 Nxf6
36.Ke2 Nd5 37.Bd4 e5 38.Bxe5 Bxe5 39.Nxe5 Rd8 40.Nxc4 Kc7 41.Ne3  1-0

[Event "WYCC U16 Girls"]
[Site "Caldas Novas BRA"]
[Date "2011.11.18"]
[Round "1"]
[White "Roy,Ali"]
[Black "Klek,H"]
[Result "0-1"]
[WhiteElo "1798"]
[BlackElo "2154"]

1.Nf3 d5 2.c4 d4 3.e3 Nc6 4.exd4 Nxd4 5.Nxd4 Qxd4 6.Nc3 c6 7.Be2 Nh6 8.b3 Nf5
9.Bb2 Qd8 10.O-O Nd4 11.Ne4 g6 12.d3 Bg7 13.Re1 O-O 14.Bf1 Qc7 15.Ng3 Be6
16.Qd2 Rad8 17.Ne2 a5 18.Nxd4 Bxd4 19.Re4 Bxb2 20.Qxb2 Bf5 21.Re3 Rd7 22.Rd1 Rfd8
23.a3 Rd4 24.Qc3 e5 25.Rde1 f6 26.f3 g5 27.g3 R8d7 28.b4 Qd8 29.Rd1 g4 30.fxg4 Bxg4
31.Rde1 Bf5 32.bxa5 Bxd3 33.Bxd3 Rxd3 34.Rxd3 Rxd3 35.Qb4 Qd4+ 36.Kh1 Qf2
37.c5 Rd2 38.Qg4+ Kf8 39.Qc8+ Kf7 40.Qxb7+ Kg6 41.Qb8 f5  0-1

[Event "Martin Open"]
[Site "Martin SVK"]
[Date "2011.11.18"]
[Round "4"]
[White "Liptak,D"]
[Black "Galvanek,L"]
[Result "1/2-1/2"]
[WhiteElo "2081"]
[BlackElo "2000"]

1.Nf3 d5 2.c4 e6 3.d4 Nf6 4.Nc3 c5 5.cxd5 Nxd5 6.e4 Nxc3 7.bxc3 cxd4 8.cxd4 Bb4+
9.Bd2 Bxd2+ 10.Qxd2 O-O 11.Bc4 b6 12.O-O Bb7 13.Qf4 Nc6 14.Rfd1 Na5 15.Bd3 Qe7
16.h4 h6 17.g4 Rac8 18.Rac1 Rfd8 19.g5 h5 20.Rxc8 Rxc8 21.g6 fxg6 22.Qg3 Qf6
23.Bb1 Rc3 24.Kg2 Rc8 25.Ne5 Nc6 26.Qxg6 Nxe5 27.Qxf6 gxf6 28.dxe5 f5 29.Rd7 Bxe4+
30.Bxe4 fxe4 31.Rxa7 Rc5 32.Ra6 Rxe5 33.Rxb6 Kf7 34.a4 e3 35.fxe3 Rxe3  1/2-1/2

[Event "Martin Open"]
[Site "Martin SVK"]
[Date "2011.11.19"]
[Round "5"]
[White "Sergeev,Vl"]
[Black "Puskar,J"]
[Result "1-0"]
[WhiteElo "2526"]
[BlackElo "2015"]

1.Nf3 d5 2.c4 c6 3.e3 Nf6 4.d4 e6 5.Bd3 Nbd7 6.O-O dxc4 7.Bxc4 b5 8.Bd3 a6
9.a4 Bb7 10.Qe2 Be7 11.Nbd2 O-O 12.Rd1 Nb6 13.a5 Nbd7 14.Nb3 Qc7 15.Bd2 Rad8
16.Rac1 Qb8 17.e4 e5 18.Nxe5 Nxe5 19.dxe5 Qxe5 20.Be3 Rfe8 21.f4 Qh5 22.Qxh5 Nxh5
23.e5 g6 24.Be4 Rxd1+ 25.Rxd1 Rd8 26.Rxd8+ Bxd8 27.Nc5 Bc8 28.b4 f6 29.Bxc6 fxe5
30.fxe5 Ng7 31.Bd5+ Kf8 32.Bh6 Bc7 33.Be6  1-0

[Event "TCh-FIN SM-Liiga 2011-12"]
[Site "Helsinki FIN"]
[Date "2011.11.20"]
[Round "6.4"]
[White "Havansi,E"]
[Black "Kekki,P"]
[Result "1/2-1/2"]
[WhiteElo "2223"]
[BlackElo "2335"]

1.Nf3 d5 2.c4 e6 3.d4 c6 4.cxd5 exd5 5.Nc3 Bd6 6.Qc2 Na6 7.Bg5 Ne7 8.e3 Qa5
9.a3 h6 10.Bxe7 Bxe7 11.Be2 Nc7 12.O-O Ne6 13.b4 Qd8 14.b5 O-O 15.bxc6 bxc6
16.Ne5 Qd6 17.Rfc1 Bb7 18.a4 Bf6 19.Ng4 Bd8 20.a5 a6 21.Qf5 Re8 22.Ne5 Re7
23.f4 c5 24.dxc5 Qxc5 25.Nd1 Qd6 26.Bf3 Bxa5 27.Qd3 Bd8 28.Nc3 Nc5 29.Qd1 Bb6
30.Nc4 Qf6 31.Nxd5 Bxd5 32.Qxd5 Rd8 33.Nxb6 Rxd5 34.Nxd5 Qe6 35.Rxc5 Rd7
36.Rca5 Rd6 37.h3 g5 38.Kh1 gxf4 39.exf4 Kg7 40.Kh2 h5 41.Kh1 h4 42.Nc7 Qc8
43.Nxa6 Rd3 44.Rf1 Rc3 45.Nb4 Qc4 46.Rg5+ Kf8 47.Rg1 Qxb4 48.Rg4 Qe7 49.Rb1 Rc8
50.Ra1 Qf6 51.Rd1 Rc7 52.Rf1 Ra7 53.Kh2 Ra3 54.Rb1 Ra7 55.Rb8+ Ke7 56.Rb7+ Rxb7
57.Bxb7 Kd6 58.Bf3 Kc5 59.f5 Qe5+ 60.Kh1 Qe1+ 61.Kh2 Qe5+ 62.Kh1 Qe1+ 63.Kh2 Qe5+  1/2-1/2

[Event "3rd Pilsen Open"]
[Site "Plzen CZE"]
[Date "2011.11.21"]
[Round "3"]
[White "Janicek,J"]
[Black "Prachar,J"]
[Result "1-0"]
[WhiteElo "2081"]
[BlackElo "1889"]

1.Nf3 d5 2.c4 e6 3.d4 Nf6 4.Nc3 Bb4 5.Bg5 h6 6.Bh4 dxc4 7.e3 b5 8.a4 c6 9.Ne5 Bb7
10.Be2 a6 11.O-O Be7 12.Bf3 O-O 13.axb5 axb5 14.Rxa8 Bxa8 15.Qa1 Bb7 16.Qa7 Nd5
17.Bxe7 Qxe7 18.Ra1 Qc7 19.Ne4 Qb6 20.Nc5 Qxa7 21.Rxa7 Bc8 22.Ra8 c3 23.bxc3 Nxc3
24.Rxb8  1-0

[Event "21st World Seniors"]
[Site "Rijeka CRO"]
[Date "2011.11.21"]
[Round "6.19"]
[White "Sloth,J"]
[Black "Hoeschele,HU"]
[Result "1-0"]
[WhiteElo "2349"]
[BlackElo "2137"]

1.Nf3 d5 2.c4 c6 3.e3 Nf6 4.Nc3 g6 5.d4 Bg7 6.Be2 O-O 7.O-O dxc4 8.Bxc4 b5
9.Bb3 a6 10.a4 b4 11.Ne2 a5 12.Bd2 Ne4 13.Ng3 Nxg3 14.hxg3 Qd6 15.Ng5 e5
16.Qf3 Ra7 17.Rac1 Be6 18.Nxe6 fxe6 19.Qe4 Re8 20.Rc2 Kh8 21.dxe5 Bxe5 22.Bc1 Bf6
23.Rc4 Qf8 24.f4 c5 25.Rd1 Rc7 26.Qc2 Nd7 27.Re4 e5 28.Bc4 Nb6 29.b3 Bg7
30.Bb5 Re6 31.Qd3 h5 32.Qd8 Qxd8 33.Rxd8+ Kh7 34.Kf2 Rce7 35.Kf3 exf4 36.Rxe6 Rxe6
37.gxf4 Bc3 38.e4 Re7 39.Be3 Re6 40.Bxc5  1-0

[Event "TCh-ESP CECLUB Div Honor 2011"]
[Site "Melilla ESP"]
[Date "2011.11.23"]
[Round "3"]
[White "Rocha,S"]
[Black "Del Rio de Angelis,S"]
[Result "0-1"]
[WhiteElo "2410"]
[BlackElo "2534"]

1.Nf3 d5 2.c4 e6 3.d4 Nf6 4.Bg5 Be7 5.Nc3 O-O 6.e3 Nbd7 7.Qc2 c5 8.cxd5 cxd4
9.Nxd4 Nxd5 10.Bxe7 Nxe7 11.Bd3 Nf6 12.O-O Bd7 13.Rfd1 Qb6 14.Ne4 Ned5 15.Rac1 Rac8
16.Qb3 Qxb3 17.Nxb3 Nxe4 18.Bxe4 Bc6 19.Na5 Rfd8 20.Nxc6 bxc6 21.g4 Kf8 22.Rd4 Ke7
23.Ra4 Rc7 24.b4 h6 25.a3 Rb8 26.Ra5 Rb5 27.Ra6 Rb6 28.Ra5 Rb5 29.Ra4 Kd6
30.Bd3 Rb6 31.Ra5 Kd7 32.Kf1 Kc8 33.Ke2 Kb7 34.h4 Rd7 35.Rac5 Nc7 36.Be4 Rd6
37.f4 Nd5 38.Bd3 Nf6 39.g5 hxg5 40.Rxg5 g6 41.Rgc5 Nd5 42.Rh1 Rd8 43.Rcc1 a5
44.bxa5 Rb3 45.Rc4 Nc3+ 46.Rxc3 Rxc3 47.a6+ Ka7 48.Bb1 Rb8 49.h5 gxh5 50.Bh7 Rb2+
51.Kf3 Rbb3 52.Re1 h4 53.Bg8 h3 54.Bxf7 Rxe3+  0-1

[Event "6th Tal Memorial"]
[Site "Moscow RUS"]
[Date "2011.11.25"]
[Round "9"]
[White "Svidler,P"]
[Black "Kramnik,V"]
[Result "1-0"]
[WhiteElo "2755"]
[BlackElo "2800"]

1.Nf3 d5 2.c4 e6 3.g3 dxc4 4.Qa4+ Nd7 5.Bg2 a6 6.Qxc4 b5 7.Qb3 Bb7 8.O-O Ngf6
9.Nc3 Be7 10.d3 O-O 11.a4 b4 12.Nb1 Nc5 13.Qc2 e5 14.Be3 e4 15.Bxc5 Bxc5
16.dxe4 Nxe4 17.Nfd2 Bxf2+ 18.Rxf2 Nxf2 19.Bxb7 Ng4 20.Nf3 Rb8 21.Bxa6 Qf6
22.Bd3 Qb6+ 23.Kh1 Nf2+ 24.Kg2 Nxd3 25.exd3 Rfe8 26.a5 Qf6 27.Qf2 Rbd8 28.Ra4 c5
29.a6 Rxd3 30.a7 Qc6 31.Ra5 Qa8 32.Nd2 Rde3 33.Nc4 R3e6 34.Kg1 f6 35.Ncd2 c4
36.Nxc4 Qe4 37.Nd4 R6e7 38.Nd6 Qb1+ 39.Kg2 Ra8 40.Qf3 Raxa7 41.Qa8+  1-0

[Event "25th Belgrade Trophy"]
[Site "Obrenovac SRB"]
[Date "2011.11.25"]
[Round "1.42"]
[White "Maslar,Ljubisa"]
[Black "Skare,G"]
[Result "0-1"]
[WhiteElo "1879"]
[BlackElo "2323"]

1.Nf3 d5 2.c4 c6 3.b3 Bf5 4.Bb2 e6 5.g3 Nd7 6.Bg2 Ngf6 7.O-O Be7 8.d3 h6
9.Nbd2 O-O 10.Ne5 Bh7 11.Ndf3 Re8 12.Nxd7 Nxd7 13.d4 a5 14.a4 Qb6 15.Bc3 Qa6
16.cxd5 exd5 17.Re1 Bd6 18.e3 Qb6 19.Nd2 Nf6 20.Rc1 Re7 21.Bf3 Rae8 22.Be2 Bf5
23.Bf1 Re6 24.Bg2 g5 25.Nf3 Ne4 26.Bb2 Bb4 27.Re2 f6 28.Ne1 Bg6 29.Nd3 Bf8
30.f3 Nd6 31.Kf2 Nf5 32.Nc5 Nxe3 33.Rxe3 Rxe3 34.Bf1 Bxc5 35.dxc5 Qxb3 36.Qxb3 Rxb3
37.Bxf6 Ra3 38.h4 gxh4 39.gxh4 Rf8 40.Bc3 Rxa4 41.Bh3 d4 42.Be6+ Kh7 43.Bd2 Be4
44.f4 Bd5 45.Bxd5 cxd5 46.Re1 Ra2 47.Re7+ Kg6 48.Ke1 Kf5 49.Re5+ Kg4 50.h5 Kf3
51.Kd1 Rg8 52.Be1 Rgg2  0-1

[Event "XII Puhajarve Handicap"]
[Site "Puhajarve EST"]
[Date "2011.11.25"]
[Round "21"]
[White "Drugov,P"]
[Black "Jussupow,Ar"]
[Result "1/2-1/2"]
[WhiteElo "2348"]
[BlackElo "2569"]

1.Nf3 d5 2.c4 e6 3.d4 Nf6 4.Nc3 Be7 5.cxd5 exd5 6.Bg5 c6 7.e3 Bf5 8.Bd3 Bxd3
9.Qxd3 Nbd7 10.O-O O-O 11.Rab1 Bd6 12.b4 a6 13.a4 Re8 14.b5 a5 15.bxc6 bxc6
16.Rfc1 Nf8 17.Ne2 h6 18.Bxf6 Qxf6 19.Rb6 Rec8 20.Ra1  1/2-1/2

[Event "Vizag GM Open"]
[Site "Visakhapatnam IND"]
[Date "2011.11.25"]
[Round "3"]
[White "Vishnu,P"]
[Black "Andriasian,Z"]
[Result "1/2-1/2"]
[WhiteElo "2392"]
[BlackElo "2619"]

1.Nf3 d5 2.c4 e6 3.g3 Nf6 4.Bg2 c5 5.O-O Nc6 6.cxd5 exd5 7.d4 Be6 8.Nc3 Be7
9.b3 O-O 10.Bb2 Rc8 11.Rc1 b6 12.Na4 c4 13.bxc4 dxc4 14.Nc3 b5 15.a3 Qa5
16.e4 Rfd8 17.h3 Bxa3 18.Bxa3 Qxa3 19.Nxb5 Qa5 20.Nc3 Nb4 21.d5 Bd7 22.Ra1 Qc5
23.Qd4 a5 24.Rfb1 Ne8 25.Qxc5 Rxc5 26.Nd4 Nc7 27.f4 g6  1/2-1/2

[Event "Malta Open"]
[Site "Bugibba MLT"]
[Date "2011.11.26"]
[Round "8.9"]
[White "Angskog,K"]
[Black "Lund,E"]
[Result "0-1"]
[WhiteElo "2215"]
[BlackElo "2398"]

1.Nf3 d5 2.c4 d4 3.d3 Nc6 4.g3 e5 5.Bg2 Nf6 6.O-O Bd6 7.Na3 O-O 8.Rb1 Re8
9.Bg5 Bf8 10.Nb5 a6 11.Bxf6 gxf6 12.Na3 f5 13.Nc2 a5 14.e3 Qf6 15.Re1 Bd7
16.Nh4 Bb4 17.Rf1 Bc5 18.a3 a4 19.Qh5 Be6 20.Kh1 Rad8 21.e4 f4 22.Ne1 Kh8
23.Nef3 Rg8 24.Nf5 Qg6 25.Qxg6 fxg6 26.Ng5 Rde8 27.Nh6 Rgf8 28.Nxe6 Rxe6
29.Bh3 Re7 30.f3 Kg7 31.Ng4 h5 32.Nf2 fxg3 33.Nd1 gxh2 34.Kxh2 Na5 35.Rc1 Nb3
36.Rc2 Ref7 37.Kg2 Be7 38.Kg3 Nc5 39.f4 exf4+  0-1

[Event "Malta Open"]
[Site "Bugibba MLT"]
[Date "2011.11.26"]
[Round "9.4"]
[White "Burmakin,V"]
[Black "Luther,T"]
[Result "1-0"]
[WhiteElo "2588"]
[BlackElo "2521"]

1.Nf3 d5 2.c4 d4 3.b4 g6 4.d3 Bg7 5.g3 e5 6.Bg2 Nc6 7.b5 Nce7 8.a4 h5 9.h4 Nf5
10.Nbd2 Ngh6 11.Ba3 Ng4 12.Qb3 Rb8 13.a5 Bf8 14.Ne4 Bxa3 15.Qxa3 Qe7 16.O-O Qxa3
17.Rxa3 Nd6 18.Nfd2 Bf5 19.b6 Nxe4 20.bxc7 Rc8 21.Nxe4 Rxc7 22.Nd6+ Ke7 23.Nb5 Rc5
24.a6 bxa6 25.Rxa6 Rd8 26.Rxa7+ Rd7 27.Rfa1 Rxa7 28.Rxa7+ Bd7 29.Nc7 Kd6
30.Nd5 Be6 31.Ra6+ Rc6 32.Rxc6+ Kxc6 33.Nf4+ Kd6 34.Nxe6 Kxe6 35.Bh3 f5 36.Bxg4 hxg4
37.f3 Kd6 38.fxg4 fxg4 39.Kf2 Kc5 40.Ke1 Kb4 41.Kd2 Kc5 42.e3 Kb4 43.exd4 exd4
44.Kc1 Ka4 45.Kc2 Kb4 46.Kb2 Ka4 47.c5 Kb5 48.Kb3 Kxc5 49.Ka4  1-0

[Event "21st World Seniors Women"]
[Site "Rijeka CRO"]
[Date "2011.11.26"]
[Round "11.1"]
[White "Titorenko,N"]
[Black "Strutinskaya,G"]
[Result "0-1"]
[WhiteElo "2143"]
[BlackElo "2277"]

1.Nf3 d5 2.c4 d4 3.g3 c5 4.b4 a5 5.bxc5 Nc6 6.d3 e5 7.Bg2 Bxc5 8.O-O Nf6
9.Ba3 Qe7 10.Bxc5 Qxc5 11.Nbd2 a4 12.Rb1 h6 13.Rb5 Qe7 14.Qb1 O-O 15.Re1 Rd8
16.h3 Ra7 17.e3 Qc7 18.exd4 exd4 19.Ne5 Ra5 20.Ndf3 Ra7 21.Kh2 Rd6 22.Re2 Nd8
23.Reb2 Ne6 24.Qe1 b6 25.Qb4 Ra6 26.Qd2 Qd8 27.Ne1 a3 28.Rb1 Nc5 29.Nc2 Na4
30.Nb4 Nc3 31.Nxa6 Bxa6 32.R5b3 Nxb1 33.Rxb1 Qc7 34.Nf3 Nd7 35.Qb4 Nc5 36.Qxa3 Bb7
37.Re1 Rf6 38.Nxd4 Rxf2 39.Re8+ Kh7 40.Re2 Rxe2 41.Nxe2 Bxg2 42.Kxg2 Qe5
43.Nf4 g5 44.d4 Qxd4 45.Ne2 Qxc4 46.Qb2 Qe4+ 47.Kh2 h5 48.Ng1 h4 49.Qe2 hxg3+
50.Kxg3 Qf4+ 51.Kg2 Ne4 52.Qf3 Qd2+ 53.Ne2 Qd5 54.a3 Kg6 55.Ng3 Qd2+ 56.Qe2 f5
57.Qxd2 Nxd2 58.Ne2 f4 59.Nc3 Kf5 60.Nd5 Nc4 61.Kf3 b5 62.Ne7+ Kf6 63.Nd5+ Ke5
64.Nb4 Nxa3 65.Kg4 Ke4 66.Kxg5 f3 67.Na2 f2 68.Nc3+ Ke5  0-1

[Event "Vizag GM Open"]
[Site "Visakhapatnam IND"]
[Date "2011.11.26"]
[Round "4"]
[White "Murshed,N"]
[Black "Abhishek,D"]
[Result "1-0"]
[WhiteElo "2435"]
[BlackElo "2354"]

1.Nf3 d5 2.c4 c6 3.d4 Nf6 4.Nc3 dxc4 5.a4 Bf5 6.e3 e6 7.Bxc4 Bb4 8.O-O Nbd7
9.Qe2 Bg6 10.h3 O-O 11.Nh4 e5 12.Nxg6 hxg6 13.d5 e4 14.dxc6 bxc6 15.Qc2 Qe7
16.b3 Qe5 17.Bb2 Bd6 18.g3 Qf5 19.Kg2 Ne5 20.Be2 Rab8 21.Rad1 Rfd8 22.g4 Qe6
23.Nxe4 Qxb3 24.Qxb3 Rxb3 25.Bxe5 Nxe4 26.Bf3 Rbb8 27.Bxd6 Nxd6 28.Bxc6 Nc4
29.Rxd8+ Rxd8 30.Rc1 Ne5 31.Bb5 g5 32.Rc7 Ra8 33.f4 gxf4 34.exf4 Ng6 35.Kg3 Kf8
36.Bc4 Ne7 37.a5 f6 38.Be6 a6 39.Bc4 g5 40.fxg5 fxg5 41.Rc5  1-0

[Event "TCh-HUN 2011-12"]
[Site "Budapest HUN"]
[Date "2011.11.27"]
[Round "4"]
[White "Tatar Kis,S"]
[Black "Csonka,B"]
[Result "1/2-1/2"]
[WhiteElo "2367"]
[BlackElo "2289"]

1.Nf3 d5 2.c4 c6 3.g3 Bg4 4.Bg2 e6 5.O-O Nd7 6.b3 Ngf6 7.Bb2 Bd6 8.d3 Qe7
9.Nbd2 O-O 10.Qc2 Ba3 11.Rfe1 Bxb2 12.Qxb2 Rfd8 13.cxd5 Bxf3 14.Nxf3 cxd5
15.Rac1 Rac8 16.Rc3 Nb6 17.Rec1 h6 18.Rxc8 Rxc8 19.Rxc8+ Nxc8 20.Qc3 Qd7
21.Ne5 Qd8 22.h3 Ne7 23.f4 Qb6+ 24.Kh2 Nc6 25.Nxc6 bxc6 26.d4 a5  1/2-1/2

[Event "TCh-CZE Liga1 Vychod"]
[Site "Czech Rep CZE"]
[Date "2011.11.27"]
[Round "4"]
[White "Bachorik,O"]
[Black "Sedlacek,O"]
[Result "1-0"]
[WhiteElo "2166"]
[BlackElo "2259"]

1.Nf3 d5 2.c4 c6 3.b3 Bf5 4.Bb2 e6 5.g3 Nd7 6.Bg2 Ngf6 7.O-O h6 8.Re1 Bc5
9.d4 Be7 10.Nc3 Ne4 11.Nd2 Nxd2 12.Qxd2 Bg5 13.Qd1 O-O 14.e4 dxe4 15.Nxe4 Be7
16.d5 Bb4 17.Re3 cxd5 18.cxd5 e5 19.a3 Bxe4 20.Rxe4 Bd6 21.Bh3 Re8 22.b4 a5
23.b5 Nf6 24.Re2 Qb6 25.a4 Rad8 26.Qb3 Bc5 27.Rd1 Bd4 28.Bxd4 exd4 29.Rxe8+ Rxe8
30.Qc4 Re5 31.Rxd4 Qd6 32.Bg2 Re1+ 33.Bf1 Re5 34.Qc8+ Re8 35.Qxb7 Qc5 36.Rc4 Qa3
37.Rc8 Qd6 38.Rxe8+ Nxe8 39.Qc6 Kf8 40.b6 Qb8 41.Qc5+ Qd6 42.Qxa5  1-0

[Event "25th Belgrade Trophy"]
[Site "Obrenovac SRB"]
[Date "2011.11.27"]
[Round "4.21"]
[White "Tosic,M"]
[Black "Ratkovic,Miloj"]
[Result "1-0"]
[WhiteElo "2444"]
[BlackElo "2168"]

1.Nf3 d5 2.c4 c6 3.e3 Nf6 4.b3 Bf5 5.Bb2 e6 6.Be2 dxc4 7.bxc4 Na6 8.Ne5 Bd6
9.O-O Nb4 10.f4 Bxe5 11.fxe5 Nd7 12.Bc3 Qe7 13.a3 Na6 14.d4 O-O 15.Nd2 f6
16.Qb3 Rab8 17.exf6 Nxf6 18.Rf4 Bg6 19.Raf1 Rfd8 20.e4 e5 21.dxe5 Nd7 22.c5+ Kh8
23.Nc4 Naxc5 24.Qb4 b5 25.Nd6 a5 26.Qxa5 Nxe5 27.Bxe5 Qxe5 28.Qxd8+  1-0

[Event "25th Belgrade Trophy"]
[Site "Obrenovac SRB"]
[Date "2011.11.29"]
[Round "6.32"]
[White "Trisic,D"]
[Black "Cetkovic,Mi"]
[Result "1/2-1/2"]
[WhiteElo "2057"]
[BlackElo "2247"]

1.Nf3 d5 2.c4 dxc4 3.e3 c5 4.Bxc4 Nc6 5.d4 cxd4 6.exd4 e6 7.Nc3 Nf6 8.O-O Be7
9.d5 exd5 10.Nxd5 Nxd5 11.Bxd5 O-O 12.Be3 Qa5 13.Qb3 Nb4 14.Bc4 Qh5 15.a3 Nc6
16.Rad1 Na5 17.Qb5 Qxb5 18.Bxb5 Be6 19.Ne5 a6 20.Be2 Rac8 21.b4 Nc6 22.Nd7 Rfd8
23.Nc5 Bxc5 24.Bxc5 Ne5 25.f4 Bc4 26.Kf2 Nd3+ 27.Bxd3 Rxd3 28.Rxd3 Bxd3 29.Rd1 Bb5
30.g4 Re8 31.Rd2 f6 32.Bb6 Kf7 33.Rc2 Bc6 34.Rd2 Re4 35.Be3 g6 36.Rd4 Re7
37.h4 Bd7 38.g5 Bc6 39.Bd2 f5 40.Be3  1/2-1/2

[Event "ITT Pre Jahv Mcgregor"]
[Site "Silvania COL"]
[Date "2011.11.30"]
[Round "1"]
[White "Cordova,E"]
[Black "Rojas Barrero,A"]
[Result "1-0"]
[WhiteElo "2538"]
[BlackElo "2249"]

1.Nf3 d5 2.c4 e6 3.g3 Nf6 4.Bg2 Be7 5.O-O dxc4 6.Na3 Nbd7 7.Nxc4 O-O 8.d4 Nb6
9.Qc2 Nxc4 10.Qxc4 Nd5 11.e4 Nb6 12.Qc2 Bd7 13.a4 a5 14.Be3 Bb4 15.Ne5 Rc8
16.Rfd1 Qe7 17.Nd3 Rfd8 18.b3 Na8 19.Nxb4 axb4 20.h4 Be8 21.Rac1 c6 22.d5 b6
23.Bh3 h6 24.dxe6 fxe6 25.Qc4 Rxd1+ 26.Rxd1 Bf7 27.e5 c5 28.Rd6 Nc7 29.Qg4 Kh8
30.Rxb6 Nd5 31.Rxe6 Bxe6 32.Qxe6 Rd8 33.Qxe7 Nxe7 34.Bxc5 Rd1+ 35.Kg2 Nc6
36.e6 Rb1 37.e7 Nxe7 38.Bxe7 Rxb3 39.a5 Rb2 40.a6 Ra2 41.Bxb4 Rxa6 42.Bc3 Kg8
43.Bf5 Kf7 44.h5 Ra3 45.Bg6+ Kg8 46.Bd2 Ra2 47.Be3 Ra3 48.g4 Rb3 49.Kg3  1-0

[Event "25th Belgrade Trophy"]
[Site "Obrenovac SRB"]
[Date "2011.12.02"]
[Round "9.4"]
[White "Neverov,V"]
[Black "Cioara,A"]
[Result "1-0"]
[WhiteElo "2537"]
[BlackElo "2453"]

1.Nf3 d5 2.c4 c6 3.e3 Nf6 4.Nc3 Nbd7 5.d4 e6 6.Qc2 Bd6 7.b3 O-O 8.Bb2 b6
9.Bd3 Bb7 10.O-O Rc8 11.Rad1 Qe7 12.e4 dxc4 13.Bxc4 b5 14.Bd3 e5 15.Ne2 a6
16.dxe5 Nxe5 17.Nxe5 Bxe5 18.Bxe5 Qxe5 19.f4 Qc7 20.Ng3 g6 21.e5 Nd5 22.Qc5 f6
23.exf6 Rxf6 24.f5 Qe7 25.Qxe7 Nxe7 26.Ne4 Rxf5 27.Nf6+ Rxf6 28.Rxf6 c5 29.Rd6 Rc7
30.Be2 Bc8 31.a4 c4 32.bxc4 bxc4 33.R1d4 c3 34.Rc4 Rxc4 35.Bxc4+ Kg7 36.Rd3 c2
37.Rc3 Bf5 38.Bb3  1-0

[Event "Porec Open 2011"]
[Site "Porec CRO"]
[Date "2011.12.02"]
[Round "3.4"]
[White "Ivanovic,An"]
[Black "Fercec,N"]
[Result "0-1"]
[WhiteElo "2039"]
[BlackElo "2451"]

1.Nf3 d5 2.c4 d4 3.g3 Nc6 4.Bg2 e5 5.d3 Nf6 6.Bg5 Be7 7.Bxf6 Bxf6 8.O-O O-O
9.Nbd2 Be7 10.a3 a5 11.b3 f5 12.Qc2 Bc5 13.Rfb1 Qe7 14.Qb2 e4 15.Ne1 e3 16.fxe3 Qxe3+
17.Kh1 Qxe2 18.b4 axb4 19.Bxc6 bxc6 20.axb4 Rxa1 21.Rxa1 f4 22.Nef3 Bh3 23.Rg1 fxg3
24.Rxg3 Rxf3  0-1

[Event "45th ch-RSA 2011"]
[Site "Cape Town RSA"]
[Date "2011.12.03"]
[Round "9"]
[White "Ovcina,D"]
[Black "Hercules,B"]
[Result "1/2-1/2"]
[WhiteElo "2249"]
[BlackElo "2056"]

1.Nf3 d5 2.c4 e6 3.g3 Nf6 4.Bg2 Be7 5.O-O O-O 6.b3 a5 7.Nc3 c6 8.Bb2 b6 9.Rc1 Ba6
10.d3 Ra7 11.Qc2 Nbd7 12.e4 dxc4 13.dxc4 e5 14.Nd1 Qb8 15.Ne3 Re8 16.Rfe1 Bf8
17.Nd2 Nc5 18.Ndf1 Rd7 19.Rcd1 Red8 20.Rxd7 Rxd7 21.Bc3 Ne6 22.Qb2 Nd4 23.Nf5 Bc5
24.N1e3 g6 25.Nh6+ Kg7 26.Nhg4 Nxg4 27.Nxg4 h5 28.Ne3 Qd6 29.Rd1 Bb4 30.Kh1 Bxc3
31.Qxc3 Qb4 32.Qb2 a4 33.Nc2 Nxc2 34.Qxc2 Rd4 35.Bh3 Qd6 36.Rxd4 exd4 37.Bf1 Qb4
38.bxa4 Qe1 39.Kg2 Qc3 40.Qb3 c5 41.Bd3 Qa5  1/2-1/2

[Event "TCh-CZE Extraliga 2011-12"]
[Site "Czech Republic CZE"]
[Date "2011.12.03"]
[Round "3.5"]
[White "Jedynak,R"]
[Black "Biolek,R2"]
[Result "1-0"]
[WhiteElo "2494"]
[BlackElo "2464"]

1.Nf3 d5 2.c4 Nf6 3.cxd5 Nxd5 4.e4 Nb6 5.d4 g6 6.Nc3 Bg7 7.Be3 O-O 8.Be2 Bg4
9.O-O Bxf3 10.Bxf3 e5 11.d5 Nc8 12.Bc5 Re8 13.Qe2 Nd6 14.Nb5 Bf8 15.Rac1 Na6
16.b4 Nxb5 17.Qxb5 Nxc5 18.bxc5 b6 19.d6 a6 20.Qc6 bxc5 21.dxc7 Qd6 22.Qxd6 Bxd6
23.Rfd1 Bxc7 24.Rd7 Bb6 25.Be2 Rad8 26.Rb7 Rb8 27.Bxa6 Rxb7 28.Bxb7 Rb8 29.Bd5 Ba5
30.Bb3 Rb4 31.Rxc5 Rxe4 32.g3 Bb6 33.Rc6 Rb4 34.Rd6 Kg7 35.Rd7 e4 36.Rxf7+ Kh6
37.Re7 Bc5 38.Rc7 Bd6 39.Rd7 Be5 40.Re7 Bd6 41.Re8 Bc5 42.Kf1 Rd4 43.Re5 Bb4
44.Rd5 Rd3 45.Ke2 Rf3 46.Re5 Rf6 47.Rxe4 Bc5 48.f4 Rd6 49.Re5 Bg1 50.Rd5 Re6+
51.Kf1 Bb6 52.Rh5+ Kxh5 53.Bxe6 Kh6 54.Ke2 Kg7 55.Kf3 Kf6 56.Bc8 Bc7 57.h3 h6
58.g4 Bd6 59.a4 Bb4 60.Ke4 Bd2 61.Ba6 Bc1 62.Bb5 Bd2 63.Be8 Bc3 64.f5 gxf5+
65.gxf5 Kg5 66.Bd7  1-0

[Event "TCh-CZE Extraliga 2011-12"]
[Site "Czech Republic CZE"]
[Date "2011.12.04"]
[Round "4.2"]
[White "Jakubiec,A"]
[Black "Tazbir,M"]
[Result "1/2-1/2"]
[WhiteElo "2528"]
[BlackElo "2520"]

1.Nf3 d5 2.c4 c6 3.e3 Nf6 4.b3 g6 5.Bb2 Bg7 6.Be2 O-O 7.O-O a6 8.d3 b5 9.Nbd2 Bb7
10.a4 b4 11.Qc2 Nbd7 12.Ne5 Rc8 13.Ndf3 a5 14.Rfd1 Nc5 15.Rac1 Ne8 16.d4 Ne4
17.Nd2 Nxd2 18.Qxd2 Nd6 19.Bf3 e6 20.cxd5 cxd5 21.Nd3 Ne4 22.Qe1 Rxc1 23.Rxc1 Qa8
24.Be2 Bh6 25.Ne5 Rc8 26.Bb5 Nd6 27.Rc5 Ne4 28.Rc1 Nd6 29.Rc5 Ne4 30.Rc1  1/2-1/2

[Event "XVII Navalmoral Open"]
[Site "Navalmoral de la Mata ESP"]
[Date "2011.12.05"]
[Round "4"]
[White "Villegas,P"]
[Black "Mirzoev,A"]
[Result "1/2-1/2"]
[WhiteElo "2249"]
[BlackElo "2510"]

1.Nf3 d5 2.c4 d4 3.g3 g6 4.Bg2 Bg7 5.d3 e5 6.O-O Ne7 7.b4 O-O 8.Nbd2 h6 9.Bb2 g5
10.Ne1 Ng6 11.e3 dxe3 12.fxe3 f5 13.Qe2 Nd7 14.a4 Nf6 15.a5 Rb8 16.Nb3 f4
17.Nc5 b6 18.axb6 axb6 19.Na6 Bg4 20.Bf3 Bxf3 21.Nxf3 Rc8 22.Nxe5 Nxe5 23.Bxe5 fxe3
24.Qxe3 Qe7 25.Qd4 Rcd8 26.Qb2 Rxd3 27.Nxc7 Re3 28.Rf5 Rxe5 29.Qxe5 Qxe5
30.Rxe5 Ng4 31.Re4 Bxa1 32.Rxg4 Kf7 33.Nd5 Rd8 34.b5 Rd6 35.Re4 Bb2 36.Kf2 Ba3
37.Kf3 Bc5 38.Re1 Kg6 39.Re7 Kf5 40.Rf7+ Ke5 41.Re7+ Kd4 42.Re4+ Kd3 43.h4 gxh4
44.Rxh4 Bd4 45.Nb4+ Kxc4 46.Nc6 Kc5 47.Nxd4 Rxd4 48.Rxh6 Kxb5 49.g4 Kc5 50.g5 b5
51.g6 Rd8 52.Kg4 b4 53.Rh1 b3 54.Kg5 Kb4 55.g7 Rg8 56.Kg6 b2  1/2-1/2

[Event "71st ch-ITA 2011"]
[Site "Perugia ITA"]
[Date "2011.12.07"]
[Round "7"]
[White "Mogranzini,R"]
[Black "Ortega,Le"]
[Result "1/2-1/2"]
[WhiteElo "2469"]
[BlackElo "2478"]

1.Nf3 d5 2.c4 d4 3.b4 g6 4.g3 Bg7 5.d3 e5 6.Nbd2 Ne7 7.Bg2 O-O 8.O-O c6 9.a4 a5
10.bxa5 Qxa5 11.Nb3 Qc7 12.a5 h6 13.Ba3 Re8 14.Nfd2 f5 15.Qc2 Nd7 16.c5 Nf6
17.Nc4 Ned5 18.Nd6 Re7 19.Bb2  1/2-1/2

[Event "80th Anniversary Mollet CM"]
[Site "Mollet del Valles ESP"]
[Date "2011.12.08"]
[Round "6"]
[White "Shatko,D"]
[Black "Marches Rios,J"]
[Result "1/2-1/2"]
[WhiteElo "2125"]
[BlackElo "2119"]

1.Nf3 d5 2.c4 c6 3.e3 Nf6 4.Nc3 e6 5.Be2 Nbd7 6.O-O Bd6 7.d4 dxc4 8.Bxc4 b5
9.Bd3 O-O 10.e4 e5 11.Bg5 exd4 12.Nxd4 Ne5 13.Be2 h6 14.Bh4 b4 15.Na4 g5
16.Bg3 Nxe4 17.Bxe5 Bxe5 18.Nxc6 Bxh2+ 19.Kh1 Qf6 20.Qd5 Bb7 21.Rac1 Nc3
22.Nxc3 bxc3 23.Rxc3 Rac8 24.Bf3  1/2-1/2